00906nam a22002657a 45000010005000000030006000050050017000110080041000280200018000690400029000870500016001160820010001321000021001422450073001632600038002363000060002745050008003345200091003425210020004335210020004536500041004736500044005146500047005587000035006057637FISKH20250729100928.0250729b cb ||||| |||| 00| 0 eng d a9780590463171 aFISKHbengcFISKHdFISKH aPZ7.P3635 F a028.5 aPellegrini, Nina aFamilies are different /cwritten and illustrated by Nina Pellegrini aNew York : bScholastic , c1991. a32 unnumbered pages : bcolor illustrations ;c23 cm .  aM  aAn adopted Korean girl discovers that her classmates have different types of families.8 a540 bLexile 8 aM bRaz-Plus  aMulticulturalvChildren's literature aFamily diversityvChildren's literature aMarriage and FamilyvChildren's literature aPellegrini, NinaeIllustrator